000 01056nam a2200277Ia 4500
003 OSt
005 20221005110642.0
006 a|||||r|||| 00| 0
007 ta
008 221004b |||||||| |||| 00| 0 hin d
020 _a9788126707331 (hbk)
_c150
024 _a12089
037 _bBR7982, 08/03/2014, Rajkamal Prakashan Pvt. Ltd.
_cTextual
040 _aCRL
_cCRL
_bhin
041 _2hin
_ahin
082 _aO152,1N34x, M8;Q0
100 _aकेदारनाथ सिंह
245 0 _aअकाल में सारस
_b कविताएॅं - 1983 - 87
246 _aAkāl mean sārasa: kavitāeॅan - 1983 - 87
250 _a2संस्करण
260 _aनई दिल्ली
_bराजकमल प्रकाशन भारत
_c2010
300 _a110पृ0
_ccm.
650 _aहिन्दी साहित्य
942 _hO152,1N34x, M8;Q0
_cTEXL
_2cc
999 _c1019477
_d1019477